000 00879nam a22002537a 4500
999 _c31954
_d31954
001 424
003 CO-MdFUSB
005 20170929091459.0
008 170929t2004 sp ||||| |||| 00| 0 spa d
020 _a84-8169-292-1
040 _aCO-MdFUSB
_bspa
_cCO-MdFUSB
_dCO-MdFUSBC
_erda
041 0 _aspa
082 0 4 _aG 224.1 C3127s
100 1 _aCarra de Vaux Saint-Cyr, Bruno
_eautor
245 3 _aEl Siervo doliente (Isaías 53)
_c / Bruno Carra de Vaux Saint-Cyr, Chantal Defélix, Jean-Noël Guinot ; Alfonso Ortiz García, Traductor
264 4 _aEstella, Navarra, España :
_bVerbo Divino,
_c©2004
300 _a146 Pág.
336 _2rdacontent
_atexto
_btxt
337 _2rdamedia
_asin mediación
_bn
338 _2rdacarrier
_avolumen
_bnc
500 _aTítulo original: Le Serviteur souffrant
653 _aInterpretación de la Biblia A.T. - Isaías 53
942 _cBK